01921nam a2200277 a 4500003000500000005001700005007001500022008004100037035001100078040000900089100003000098245016300128264004100291300006100332336002700393337002900420338004000449502002800489520091100517650004701428650002501475650002901500650001301529700004801542856005301590CHAP20250121120505.0cr ||||||a|c|a110119s2010 mx r 00010 spa d a111952 cCHAP00aPérez Soto, Ma. Teresa.10aAnálisis de los índices de pobreza y marginación social en el Estado de Morelosc/por Ma. Teresa Pérez Soto; director de tesis Francisco Pérez Soto. 1aChapingo, Méx. :bEl autor,c2010. a1 recurso en línea (117 páginas):bfiguras, cuadros. 2rdacontentatextobtxt 2rdamediaacomputadorabc 2rdacarrierarecursos en líneabcr bDCEAcDICEAd2010.gDOC aEn el presente trabajo se retomaron tres métodos para medir la pobreza en el estado de Morelos. En el enfoque de ingresos una vez integrados los tres índices, se obtuvo un índice de Sen de 0.0069 por ciento, lo cual nos revela un índice de pobreza muy bajo, ya que entre más cercano sea éste a cero la pobreza es menor. Respecto al enfoque de necesidades básicas insatisfechas se obtuvo: INBI*p: Índice de Necesidades Básicas Insatisfechas de los pobres:INBI*p = 0.4652087 INBI*p: Índice de Necesidades Básicas Insatisfechas de los pobres en extremo: INBI*pe = 0.44135189 Para la muestra seleccionada el Índice de Desarrollo Humano obtenido fue de 0.78 por lo que el estado de Morelos se ubica con un grado de desarrollo medio de acuerdo con la clasificación del PNUD con un 0.788 por abajo del índice de desarrollo del país para el año 2007 pero por arriba del año 2010.14aDesarrollo de la comunidad ruralxMorelos.14aMarginalidad social.14aMorelosxEstadísticas.14aPobreza.1 aPérez Soto, FranciscoeDirector de tesis. uhttp://10.13.5.2/tesis/111952.pdfzDESCARGAR PDF